Irland - Geschichte Quiz - Statistiken

Allgemein
  • Dieses Quiz wurde 40 mal gespielt
  • Das Durchschnittsergebnis liegt bei 7 aus 15
Antwortstatistiken
Hinweis Antwort % Korrekt
Priester der keltischen Religion Druide
88%
Keltisches Instrument und eins der nationalen Symbole Irlands Harfe
88%
Missernten dieser Feldfrucht führten 1845-1852 zur Großen Hungersnot Kartoffel
88%
1759 in Dublin gegründete Brauerei Guinness
76%
Währung Irlands bis 2002 Irisches Pfund
76%
Personengruppe, die ab 795 in Irland einfiel und sich später in Dublin niederließ Wikinger
65%
Heiliger, der im 5. Jh. angeblich das Christentum nach Irland brachte St. Patrick
62%
Autor des 1922 veröffentlichten Romans "Ulysses" James Joyce
50%
Name verschiedener paramilitärischer Gruppen im 20./21. Jh., die versuchten, ganz Irland von der britischen Herrschaft zu befreien IRA
47%
Englischer König, der sich 1542 zum "König von Irland" ernannte Heinrich VIII.
35%
Englischer Anführer, der Irland 1649-1651 zurückeroberte und daraufhin militärdiktatorisch über die Insel herrschte Oliver Cromwell
29%
Jahr, in dem Irland aus dem Commonwealth austrat 1949
21%
Römischer Name für die Insel Hibernia
12%
Politiker mit dem Beinamen "Der Befreier", der sich für die Gleichberechtigung der Katholiken und die irische Unabhängigkeit einsetzte Daniel O'Connell
3%
Schlacht, in der diese Invasoren 1014 von einem geeinten irischen Staat besiegt wurden Schlacht von Clontarf
0%
Keine übereinstimmenden Quizze gefunden
Verteilung der Resultate
Anzahl Personen mit jedem Resultat
Perzentil nach korrekt beantworteten Fragen
Ihre Resultats-Entwicklung
Sie haben dieses Quiz noch nicht gespielt